3D-дизайн в современном мире; Молодежь и современные информационные технологии

Detaylı Bibliyografya
Parent link:Молодежь и современные информационные технологии.— 2012.— [С. 476-478]
Yazar: Цой А. С.
Müşterek Yazar: Национальный исследовательский Томский политехнический университет (ТПУ) Институт кибернетики (ИК) Кафедра инженерной графики и промышленного дизайна (ИГПД)
Diğer Yazarlar: Дайнатович Т. Ю. Татьяна Юрьевна
Özet:Заглавие с титульного экрана
Dil:Rusça
Baskı/Yayın Bilgisi: 2012
Seri Bilgileri:Компьютерная графика и дизайн
Konular:
Online Erişim:http://www.lib.tpu.ru/fulltext/c/2012/C04/212.pdf
Materyal Türü: MixedMaterials Elektronik Kitap Bölümü
KOHA link:https://koha.lib.tpu.ru/cgi-bin/koha/opac-detail.pl?biblionumber=611353

MARC

LEADER 00000naa2a2200000 4500
001 611353
005 20231101132643.0
035 |a (RuTPU)RU\TPU\conf\9095 
035 |a RU\TPU\conf\9073 
090 |a 611353 
100 |a 20150305d2012 k y0rusy50 ca 
101 0 |a rus 
102 |a RU 
105 |a y z 101zy 
135 |a drcn ---uucaa 
181 0 |a i  
182 0 |a b 
200 1 |a 3D-дизайн в современном мире  |f А. С. Цой, Т. Ю. Дайнатович 
203 |a Текст  |c электронный 
225 1 |a Компьютерная графика и дизайн 
230 |a 1 компьютерный файл (pdf; 381 Kb) 
300 |a Заглавие с титульного экрана 
320 |a [Библиогр.: с. 478 (5 назв.)] 
337 |a Adobe Reader 
463 0 |0 (RuTPU)RU\TPU\conf\6944  |t Молодежь и современные информационные технологии  |o сборник трудов X Международной научно-практической конференции студентов, аспирантов и молодых ученых, г. Томск, 13-16 ноября 2012 г.  |f Национальный исследовательский Томский политехнический университет (ТПУ) ; под ред. Е. А. Сикоры и др.  |v [С. 476-478]  |d 2012 
610 1 |a труды учёных ТПУ 
610 1 |a электронный ресурс 
610 1 |a 3D-дизайн 
610 1 |a Autodesk 
610 1 |a графика 
610 1 |a анимация 
610 1 |a моделирование 
700 1 |a Цой  |b А. С. 
701 1 |a Дайнатович  |b Т. Ю.  |c специалист в области инженерной графики и начертательной геометрии  |c ассистент Томского политехнического университета  |f 1970-  |g Татьяна Юрьевна  |2 stltpush  |3 (RuTPU)RU\TPU\pers\31457 
712 0 2 |a Национальный исследовательский Томский политехнический университет (ТПУ)  |b Институт кибернетики (ИК)  |b Кафедра инженерной графики и промышленного дизайна (ИГПД)  |h 7273  |2 stltpush  |3 (RuTPU)RU\TPU\col\18737 
801 2 |a RU  |b 63413507  |c 20150305  |g RCR 
856 4 |u http://www.lib.tpu.ru/fulltext/c/2012/C04/212.pdf 
942 |c BK